000 00386nam a2200157Ia 4500
008 221030s9999 xx 000 0 und d
020 _a8121902592
041 _aEnglish
082 _a105.23
_bThe
100 _aB. L. Thereja
245 0 _aBasic Electronics Solid State
_cby B. L. Thereja
260 _bS. Chand & Co.
_aNew Delhi
_c2000
300 _a636
650 _aECE
942 _cBK
999 _c7127
_d7127